000 00441nam a2200157Ia 4500
008 160316s1992 xxu||||| |||| 00| 0 eng d
082 _a346.092200
_bVER
100 _aVerma J C
245 _aGuide to mutual funds & investment portfolio : Law ,practice & procedure
250 _a
260 _aDelhi
_bBharat Law House
_c1992
300 _a360
_b
_c
365 _b240/-
650 _a1.Company Law - Mutual Funds - Investment
700 _a
_a
999 _c8931
_d8931